000 00572nam a2200229Ia 4500
003 OSt
005 20220928144524.0
006 a|||||r|||| 00| 0
007 ta
008 220927b |||||||| |||| 00| 0 eng d
024 _a71334
037 _cTextual
040 _aSDCL
_cSDCL
_beng
041 _2eng
_aeng
082 _aX6, L0
100 _aAdams A J
_9507996
245 0 _aFinancial and commercial knowledge.
260 _c1970
700 _a Swindale H S
_9507997
942 _hX6, L0
_cTEXL
_2CC
999 _c827514
_d827514